00954nam a2200253 i 4500001000300000100002400003245017900027260003300206300002100239504002200260650005700282650005100339700002200390020001500412040000800427041000700435080001600442920001800458942000700476008004100483999001700524856009800541952006100639bg1 aŻYNIEWICZ, Maciej10aLuki podatkowe oraz inne legalne i nielegalne metody wykorzystywane przez podatników w celu zmniejszenia obciążeń podatkowych /cMaciej Żyniewicz, Dariusz Załupka. aWrocław :b"Netnet",c1999. a400 s. ;c24 cm. aBibliogr. s. 399. 9aPodatekxprawoxzagadnieniazPolskaystan na 1999 r. 9aUlgi podatkowexprawozPolskaystan na 1999 r.1 aZAŁUPKA, Dariusz a8391242609 cBPK0 apl a336.22(438) a83-912426-0-9 cKS s pl f |000 0 pol  c40297d40297 uhttp://koha.tu.koszalin.pl/cgi-bin/koha/opac-detail.pl?biblionumber=40297yKatalog online BPK 00104070aBPKbBPKcwo60888p01638783s2013-06-28yKS